[Event "Bischwiller II-Reims Echec et Mat"]
[Site "Reims"]
[Date "2007.10.21"]
[Round "1.5"]
[White "Schulz, Vladimir"]
[Black "Castanier, Carl"]
[Result "1-0"]
[WhiteElo "2190"]
[BlackElo "1995"]
[PlyCount "105"]
[EventDate "2007.10.21"]
[SourceDate "2007.10.27"]

1. Nf3 d5 2. d4 Nf6 3. c4 c6 4. Nc3 g6 5. cxd5 cxd5 6. Bf4 Bg7 7. Bxb8 Rxb8 8.
Qa4+ Bd7 9. Qxa7 O-O 10. e3 Re8 11. Qc5 e6 12. Qb4 b5 13. Bd3 Bf8 14. Qb3 b4
15. Ne2 Qa5 16. Qd1 b3+ 17. Nc3 Bb4 18. O-O Bxc3 19. axb3 Qb4 20. bxc3 Qxc3 21.
Ra3 Bb5 22. Ne5 Bxd3 23. Qxd3 Rec8 24. Qxc3 Rxc3 25. Ra7 Rcxb3 26. Rxf7 Ng4 27.
Re7 Nxe5 28. dxe5 R3b6 29. g4 R8b7 30. Rxb7 Rxb7 31. Rd1 Kf7 32. Rd4 g5 33. Kg2
Kg6 34. Ra4 Rb6 35. Ra8 Kf7 36. Ra7+ Kg6 37. Kg3 h5 38. gxh5+ Kxh5 39. Rd7 Rb8
40. Re7 Rb6 41. Rd7 Rb8 42. Rd6 Re8 43. Ra6 Re7 44. Ra4 Rc7 45. Ra6 Re7 46. Ra8
Rc7 47. Rh8+ Kg6 48. Kg4 Rc4+ 49. f4 gxf4 50. exf4 Rc1 51. Rf8 Rg1+ 52. Kf3 Kh5
53. Rh8+ 1-0

[Event "Bischwiller II-Reims Echec et Mat"]
[Site "Reims"]
[Date "2007.10.21"]
[Round "1.6"]
[White "Barnier, Christophe"]
[Black "Netzer, Jacques"]
[Result "1-0"]
[WhiteElo "1925"]
[BlackElo "2016"]
[PlyCount "75"]
[EventDate "2007.10.21"]
[SourceDate "2007.10.27"]

1. d4 f5 2. Nf3 Nf6 3. g3 g6 4. Bg2 Bg7 5. O-O O-O 6. Nbd2 d6 7. Re1 Nc6 8. e4
fxe4 9. Nxe4 Nxe4 10. Rxe4 Bf5 11. Re1 Bg4 12. c3 Qd7 13. Qb3+ Kh8 14. Ng5 Qf5
15. f4 Na5 16. Qd5 h6 17. Ne6 Qxd5 18. Bxd5 Bxe6 19. Bxe6 c5 20. dxc5 dxc5 21.
Be3 b6 22. Rad1 Rad8 23. Bc1 Rd6 24. Rxd6 exd6 25. Bd5 Rf5 26. Re8+ Kh7 27.
Bg8+ Kh8 28. Be6+ Rf8 29. Rxf8+ Bxf8 30. Bd5 b5 31. b3 Kg7 32. Bb2 a6 33. c4+
Kh7 34. Bf6 Bg7 35. Be7 Bd4+ 36. Kg2 Kg7 37. Kf3 h5 38. h3 1-0

[Event "Bischwiller II-Reims Echec et Mat"]
[Site "Reims"]
[Date "2007.10.21"]
[Round "1.7"]
[White "Genzling, Sylvie"]
[Black "Billon, Olivier"]
[Result "0-1"]
[WhiteElo "1958"]
[BlackElo "1928"]
[PlyCount "138"]
[EventDate "2007.10.21"]
[SourceDate "2007.10.27"]

1. e4 c5 2. Nf3 Nc6 3. d4 cxd4 4. Nxd4 Nf6 5. Nc3 e5 6. Ndb5 d6 7. a4 a6 8. Na3
Bg4 9. f3 Be6 10. Bc4 Qb6 11. Bd5 Nb4 12. Nc4 Qc7 13. Ne3 Be7 14. O-O O-O 15.
Kh1 Rab8 16. Qe2 Nbxd5 17. exd5 Bd7 18. a5 Rbc8 19. Qf2 Nh5 20. Re1 f5 21. Nf1
f4 22. Nd2 Qd8 23. Qe2 Bh4 24. Nde4 Ng3+ 25. Nxg3 Bxg3 26. hxg3 fxg3 27. Qe4
Bf5 28. Qa4 e4 29. Rxe4 Bxe4 30. Qxe4 Re8 31. Bg5 Qxg5 32. Qg4 Qh6+ 33. Qh3
Qxh3+ 34. gxh3 Re3 35. Kg2 Rf8 36. Rf1 Rf4 37. Kxg3 Rb4 38. Kf2 Re8 39. Ne4
Rxb2 40. Nxd6 Rd8 41. Ne4 Rxc2+ 42. Kg3 Rxd5 43. Ra1 Kf7 44. Kf4 h6 45. Ra4 g5+
46. Kg3 Kg6 47. h4 Rb2 48. hxg5 hxg5 49. Nf2 Rbb5 50. Ng4 Rxa5 51. Re4 Rf5 52.
Re6+ Kg7 53. Ne3 Rf6 54. Re7+ Rf7 55. Re6 Ra3 56. Kg4 Rf4+ 57. Kxg5 Rxf3 58.
Nf5+ Rxf5+ 59. Kxf5 Kf7 60. Rh6 Ra5+ 61. Ke4 Rb5 62. Kd4 Ke7 63. Rh7+ Kd6 64.
Rh6+ Kc7 65. Kc4 Rg5 66. Kb4 Kb8 67. Ka4 Ka7 68. Kb4 a5+ 69. Ka4 b6 0-1

[Event "Bischwiller II-Reims Echec et Mat"]
[Site "Reims"]
[Date "2007.10.21"]
[Round "1.8"]
[White "Desanlis, Anne Sophie"]
[Black "Saatdjian, Stephane"]
[Result "1/2-1/2"]
[WhiteElo "1910"]
[BlackElo "1875"]
[PlyCount "76"]
[EventDate "2007.10.21"]
[SourceDate "2007.10.27"]

1. c4 b6 2. Nc3 Bb7 3. e4 e6 4. Nf3 Bb4 5. Qc2 Ne7 6. a3 Bxc3 7. dxc3 O-O 8.
Bd3 h6 9. O-O d6 10. Be3 Nd7 11. Nd2 d5 12. exd5 exd5 13. Rad1 Qc8 14. Rfe1 Re8
15. Bf4 Nc5 16. cxd5 Nxd3 17. Qxd3 Nxd5 18. Be5 Qg4 19. Qg3 Qxg3 20. Bxg3 c5
21. Nc4 Bc6 22. Ne5 Bb7 23. Nc4 Bc6 24. Nd6 Rxe1+ 25. Rxe1 Kf8 26. Nf5 Re8 27.
Bd6+ Kg8 28. Rxe8+ Bxe8 29. c4 Nf6 30. Ne7+ Kh7 31. Nc8 Ne4 32. Bf4 g5 33. Bb8
Bd7 34. Nd6 Nxd6 35. Bxd6 a6 36. b4 cxb4 37. axb4 Bc6 38. c5 bxc5 1/2-1/2

[Event "Saverne-Metz Fischer II"]
[Site "Saverne"]
[Date "2007.10.21"]
[Round "1.1"]
[White "Lanka, Zigurds"]
[Black "Pucher, Sebastien"]
[Result "1-0"]
[WhiteElo "2474"]
[BlackElo "2244"]
[PlyCount "107"]
[EventDate "2007.10.21"]
[SourceDate "2007.10.27"]

1. e4 c5 2. Nf3 d6 3. d4 cxd4 4. Nxd4 Nf6 5. Nc3 a6 6. Be3 e5 7. Nb3 Be6 8. f4
exf4 9. Bxf4 Nc6 10. Qe2 Be7 11. h3 Ne5 12. O-O-O Qc7 13. g4 O-O 14. Kb1 Rac8
15. g5 Nfd7 16. Qg2 Nb6 17. h4 Nbc4 18. Bxc4 Nxc4 19. Rd3 Ne5 20. Rg3 b5 21. h5
b4 22. Nd5 Bxd5 23. exd5 Qc4 24. Be3 f5 25. gxf6 Bxf6 26. Nd4 Rf7 27. Nf5 Qc7
28. Nh6+ Kh8 29. Nxf7+ Qxf7 30. Rf1 Qxh5 31. Bg5 Qf7 32. Rh3 Qg6 33. Rxh7+ Qxh7
34. Rh1 Qxh1+ 35. Qxh1+ Kg8 36. Bxf6 gxf6 37. Qh4 Kg7 38. Qxb4 Rd8 39. Qb7+ Rd7
40. Qxa6 f5 41. Qf1 Rf7 42. a4 f4 43. a5 f3 44. a6 f2 45. a7 Rxa7 46. Qg2+ Kf8
47. Qxf2+ Rf7 48. Qb6 Ke7 49. c4 Rf1+ 50. Ka2 Nd7 51. Qa7 Kd8 52. Qa8+ Ke7 53.
Qg8 Rf8 54. Qe6+ 1-0

[Event "Saverne-Metz Fischer II"]
[Site "Saverne"]
[Date "2007.10.21"]
[Round "1.2"]
[White "Pucher, Olivier"]
[Black "Uwira, Oliver"]
[Result "1-0"]
[WhiteElo "2322"]
[BlackElo "2293"]
[PlyCount "99"]
[EventDate "2007.10.21"]
[SourceDate "2007.10.27"]

1. d4 d5 2. c4 Nc6 3. cxd5 Qxd5 4. e3 e5 5. Nc3 Bb4 6. Bd2 Bxc3 7. bxc3 Nf6 8.
f3 Qd6 9. Bd3 O-O 10. Ne2 Re8 11. O-O b6 12. Kh1 Bb7 13. Ng3 Rad8 14. Qc2 exd4
15. Nf5 Qd7 16. exd4 Ne7 17. Bg5 Nxf5 18. Bxf5 Qd6 19. Bxf6 Qxf6 20. Bxh7+ Kh8
21. Be4 Ba6 22. Rfe1 Qg5 23. Bc6 Re3 24. Rxe3 Qxe3 25. Qe4 Qxe4 26. fxe4 Rd6
27. d5 f6 28. Kg1 Bc4 29. Kf2 Kg8 30. Ke3 Kf7 31. Kd4 Be2 32. a4 Rd8 33. a5 Ke7
34. h3 Rh8 35. Re1 Ba6 36. Ra1 Be2 37. Re1 Ba6 38. c4 Rh5 39. axb6 axb6 40. Ra1
Bc8 41. Ra7 Kd6 42. Ra8 Rh8 43. Bb7 Kd7 44. Rxc8 Rxc8 45. Bxc8+ Kxc8 46. e5
fxe5+ 47. Kxe5 Kd7 48. h4 c6 49. g4 cxd5 50. Kxd5 1-0

[Event "Saverne-Metz Fischer II"]
[Site "Saverne"]
[Date "2007.10.21"]
[Round "1.3"]
[White "Armbrust, Florian"]
[Black "Misler, Thomas"]
[Result "0-1"]
[WhiteElo "2300"]
[BlackElo "2235"]
[PlyCount "88"]
[EventDate "2007.10.21"]
[SourceDate "2007.10.27"]

1. e4 e5 2. Nf3 Nc6 3. Bb5 Nf6 4. O-O Bc5 5. Bxc6 dxc6 6. Nxe5 Nxe4 7. Qe2 Qd5
8. Nd3 O-O 9. Nxc5 Nxc5 10. d3 Bf5 11. Nc3 Qd7 12. Qe5 b6 13. Be3 Rfe8 14. Qf4
Nb7 15. Ne4 Nd6 16. Nxd6 cxd6 17. Rfe1 d5 18. Bd2 Bg6 19. Rxe8+ Rxe8 20. Re1 h6
21. Rxe8+ Qxe8 22. Kf1 Qd7 23. Qb8+ Kh7 24. Bf4 c5 25. b3 c4 26. Qc7 Qxc7 27.
Bxc7 cxd3 28. c3 b5 29. h4 f6 30. Ke1 Kg8 31. Kd2 h5 32. Bb8 a6 33. Ba7 Kf7 34.
g3 Be4 35. f4 Ke6 36. Bf2 Kf5 37. b4 Kg4 38. Ke3 Kh3 39. Be1 Kg2 40. c4 dxc4
41. Bc3 Bf5 42. Be1 Kf1 43. Bc3 Kg2 44. Be1 Bg4 0-1

[Event "Saverne-Metz Fischer II"]
[Site "Saverne"]
[Date "2007.10.21"]
[Round "1.4"]
[White "Carrillo, Jesus"]
[Black "Schlupp, Olivier"]
[Result "0-1"]
[WhiteElo "2162"]
[BlackElo "2127"]
[PlyCount "74"]
[EventDate "2007.10.21"]
[SourceDate "2007.10.27"]

1. e4 c5 2. Nf3 d6 3. d4 cxd4 4. Nxd4 Nf6 5. Nc3 g6 6. Be3 Bg7 7. f3 Nc6 8. Qd2
O-O 9. g4 Nxd4 10. Bxd4 Be6 11. O-O-O Qa5 12. a3 Rac8 13. h4 h5 14. g5 Nd7 15.
Bxg7 Kxg7 16. f4 Bg4 17. Re1 Nb6 18. Nd5 Qxd2+ 19. Kxd2 Nxd5 20. exd5 e6 21.
Bg2 b6 22. Re3 Rc4 23. Rf1 Bf5 24. c3 Rfc8 25. Rf2 a5 26. b3 R4c5 27. b4 R5c7
28. dxe6 fxe6 29. Bf1 d5 30. Rff3 axb4 31. axb4 Ra8 32. Ke1 Ra2 33. Rf2 Ra1+
34. Kd2 d4 35. Rg3 Ra2+ 36. Ke1 Rxf2 37. Kxf2 dxc3 0-1

[Event "Saverne-Metz Fischer II"]
[Site "Saverne"]
[Date "2007.10.21"]
[Round "1.5"]
[White "Ruffenach, Alain"]
[Black "Staeger, Pascal"]
[Result "1/2-1/2"]
[WhiteElo "2069"]
[BlackElo "2085"]
[PlyCount "144"]
[EventDate "2007.10.21"]
[SourceDate "2007.10.27"]

1. d4 Nf6 2. Nf3 g6 3. c4 Bg7 4. Nc3 d5 5. cxd5 Nxd5 6. e4 Nxc3 7. bxc3 c5 8.
Be3 Qa5 9. Qd2 Nc6 10. Rb1 a6 11. Be2 O-O 12. O-O cxd4 13. Nxd4 Rd8 14. Qb2
Nxd4 15. Bxd4 Bxd4 16. cxd4 b5 17. d5 e6 18. Qf6 exd5 19. h4 h5 20. exd5 Bf5
21. Rb2 Qa3 22. Rd2 Qd6 23. Qg5 f6 24. Qh6 Rac8 25. Rfd1 Rc3 26. Bd3 Qf8 27.
Qxf8+ Kxf8 28. Bxf5 gxf5 29. d6 Rc6 30. g3 b4 31. Kg2 a5 32. Rd5 a4 33. Rb5
Rdxd6 34. Rxd6 Rxd6 35. Rxb4 a3 36. Ra4 Rd3 37. Ra5 Kf7 38. Rxf5 Rd2 39. Rxh5
Rxa2 40. Ra5 Ra1 41. h5 Kg7 42. g4 Kh6 43. Kf3 Ra2 44. Kg3 Kg7 45. f3 Ra1 46.
Kf4 a2 47. Ra6 Kh7 48. Ra7+ Kh6 49. Ra3 Kg7 50. Ra8 Kh7 51. Ra5 Kg7 52. g5
fxg5+ 53. Rxg5+ Kh6 54. Ra5 Kg7 55. Ra6 Kh7 56. h6 Kh8 57. Ra7 Kg8 58. Ra3 Kh7
59. Ra6 Kh8 60. Ra7 Kg8 61. Rg7+ Kh8 62. Rg2 Kh7 63. Rh2 Kg8 64. Rf2 Kh7 65.
Kf5 Kxh6 66. Kf6 Kh7 67. Kf7 Kh6 68. f4 Kh5 69. f5 Kg5 70. f6 Rb1 71. Rg2+ Kf5
72. Rf2+ Kg5 1/2-1/2

[Event "Saverne-Metz Fischer II"]
[Site "Saverne"]
[Date "2007.10.21"]
[Round "1.6"]
[White "Hartmann, Dominique"]
[Black "Berring, Alain"]
[Result "1-0"]
[WhiteElo "1952"]
[BlackElo "2037"]
[PlyCount "53"]
[EventDate "2007.10.21"]
[SourceDate "2007.10.27"]

1. d4 Nf6 2. Bf4 g6 3. e3 Bg7 4. Nf3 b6 5. c4 Bb7 6. Nc3 O-O 7. h3 d6 8. Be2
Nbd7 9. O-O Ne4 10. Qc2 Nxc3 11. bxc3 e5 12. Bh2 e4 13. Nd2 Qe7 14. a4 a5 15.
Rab1 f5 16. c5 Rac8 17. cxd6 cxd6 18. Nc4 Rxc4 19. Bxc4+ Kh8 20. Qb3 Rb8 21.
Rfc1 h6 22. Bf7 Nf8 23. Qxb6 Qxf7 24. Bxd6 Nd7 25. Qa7 Ra8 26. Qxb7 Re8 27. Qc7
1-0

[Event "Saverne-Metz Fischer II"]
[Site "Saverne"]
[Date "2007.10.21"]
[Round "1.7"]
[White "Brolly, Pierre Louis"]
[Black "Joly, Laurent"]
[Result "1/2-1/2"]
[WhiteElo "1980"]
[BlackElo "2026"]
[PlyCount "100"]
[EventDate "2007.10.21"]
[SourceDate "2007.10.27"]

1. e4 c5 2. Nf3 d6 3. d4 cxd4 4. Nxd4 Nf6 5. Nc3 a6 6. Be3 e5 7. Nb3 Be7 8. Be2
Be6 9. O-O O-O 10. f4 exf4 11. Bxf4 Nc6 12. Bf3 Rc8 13. Nd5 Bxd5 14. exd5 Ne5
15. c3 Nfd7 16. Kh1 Bg5 17. Bxe5 Nxe5 18. Bg4 Rc7 19. Nd4 Nc4 20. Rf2 Be3 21.
Re2 Bxd4 22. cxd4 Nb6 23. Qb3 Nd7 24. Bxd7 Qxd7 25. Rae1 Qg4 26. Qb4 g6 27. h3
Qd7 28. Qb6 Kg7 29. Re3 h5 30. Qb4 Rd8 31. Rf3 Rdc8 32. Qd2 Qb5 33. Qg5 Qd7 34.
Kh2 Qd8 35. Qf4 Rd7 36. Rfe3 Qf6 37. Qe4 Rc4 38. Qe8 Rd8 39. Qe7 Rxd4 40. Qxb7
Rd2 41. Qxa6 Rxb2 42. a3 Rdb8 43. Rf1 Rxg2+ 44. Kxg2 Rb2+ 45. Kh1 Qg5 46. Re2
Qxd5+ 47. Kg1 Qg5+ 48. Kh1 Qd5+ 49. Kg1 Qg5+ 50. Kh1 Qd5+ 1/2-1/2

[Event "Saverne-Metz Fischer II"]
[Site "Saverne"]
[Date "2007.10.21"]
[Round "1.8"]
[White "Lupfer, Anny"]
[Black "Denni, Helene"]
[Result "1/2-1/2"]
[WhiteElo "1744"]
[BlackElo "1680"]
[PlyCount "107"]
[EventDate "2007.10.21"]
[SourceDate "2007.10.27"]

1. d4 Nf6 2. Nf3 g6 3. Bf4 Bg7 4. e3 d6 5. c4 O-O 6. Nc3 Nbd7 7. Be2 b6 8. O-O
Bb7 9. Qb3 c5 10. d5 Qc7 11. Rfd1 Ng4 12. Rac1 Rfe8 13. a3 Nge5 14. Nxe5 Nxe5
15. Nb5 Qd7 16. Rd2 Ba6 17. Nc3 Rad8 18. Ne4 e6 19. Rcd1 Qb7 20. Qc2 Qe7 21.
Bg5 f6 22. Bf4 exd5 23. cxd5 Bc8 24. Qa4 h5 25. Nc3 Qf7 26. Nb5 Re7 27. Qb3 g5
28. Bxe5 fxe5 29. e4 h4 30. Qf3 Qxf3 31. Bxf3 Bh6 32. Rd3 a6 33. Nc3 Rf8 34. h3
Ref7 35. Rf1 Bxh3 36. gxh3 Rxf3 37. Rxf3 Rxf3 38. Kg2 Rd3 39. f3 Kf7 40. Rd1
Rd4 41. Kf2 Bf8 42. Ke2 Be7 43. Rb1 b5 44. Nd1 Bd8 45. Ne3 Ba5 46. Nf5 Rd2+ 47.
Ke3 Rh2 48. b4 Bb6 49. Nxd6+ Kf8 50. Nc8 Bd8 51. bxc5 Rxh3 52. Rg1 Rh2 53. Rc1
Ba5 54. Rd1 1/2-1/2

[Event "Obernai-Montrevel en Bresse"]
[Site "Obernai"]
[Date "2007.10.21"]
[Round "1.1"]
[White "Stahl, Clement"]
[Black "Ivanov, Jordan"]
[Result "1-0"]
[WhiteElo "2026"]
[BlackElo "2370"]
[PlyCount "85"]
[EventDate "2007.10.21"]
[SourceDate "2007.10.27"]

1. e4 c5 2. Nc3 Nc6 3. Nf3 e6 4. Bb5 Nd4 5. Bc4 Nf6 6. O-O a6 7. d3 b5 8. Bb3
Nxb3 9. axb3 b4 10. Ne2 d6 11. Re1 Be7 12. c4 e5 13. Ng3 g6 14. Nf1 O-O 15. Ne3
Nh5 16. Nd5 f5 17. Nd2 f4 18. Nf1 Ng7 19. d4 Ne6 20. dxc5 dxc5 21. Qd3 g5 22.
g4 Nd4 23. f3 Ra7 24. Bd2 h5 25. h3 hxg4 26. hxg4 Bd6 27. Red1 Rh7 28. Kg2 Kg7
29. Be1 Rfh8 30. Bf2 Bxg4 31. Bxd4 Bh3+ 32. Kf2 g4 33. Nxf4 Qh4+ 34. Ke2 gxf3+
35. Kd2 exd4 36. Nxh3 Qxh3 37. Rxa6 Qg2+ 38. Kc1 Bf4+ 39. Kb1 Qe2 40. e5 Qxd3+
41. Rxd3 Be3 42. Nxe3 dxe3 43. Rd7+ 1-0

[Event "Obernai-Montrevel en Bresse"]
[Site "Obernai"]
[Date "2007.10.21"]
[Round "1.2"]
[White "Lamoureux, Charles"]
[Black "Riotte, Christian"]
[Result "1-0"]
[WhiteElo "2360"]
[BlackElo "2038"]
[PlyCount "137"]
[EventDate "2007.10.21"]
[SourceDate "2007.10.27"]

1. e4 c6 2. Nf3 d5 3. Nc3 dxe4 4. Nxe4 Bg4 5. Bc4 e6 6. h3 Bxf3 7. Qxf3 Nd7 8.
Qe2 h6 9. Bb3 Ngf6 10. Ng3 Nc5 11. Bc4 b5 12. Bb3 Nxb3 13. axb3 Be7 14. O-O O-O
15. d3 Qc7 16. Bd2 a5 17. Ra2 b4 18. Re1 Bd6 19. Nf1 c5 20. Ne3 Ra7 21. Nc4 Be7
22. Qe5 Qxe5 23. Nxe5 Ra6 24. Rea1 Rfa8 25. Nc4 Bd8 26. Bf4 Nd7 27. Bd6 f6 28.
f4 g5 29. g3 gxf4 30. gxf4 Kf7 31. Kg2 Be7 32. Bc7 R8a7 33. Bxa5 Bd8 34. Ra4
Bxa5 35. Rxa5 Rxa5 36. Rxa5 Rxa5 37. Nxa5 Kg6 38. Nb7 Kf5 39. Kf3 e5 40. Nd6+
Ke6 41. Nc4 f5 42. h4 exf4 43. Kxf4 Nf6 44. Ne3 Nh5+ 45. Kf3 Ke5 46. c3 Nf6 47.
Nc2 Nd5 48. c4 Nf6 49. d4+ cxd4 50. Nxb4 Ne4 51. Nc6+ Kf6 52. Nxd4 Ke5 53. Nc6+
Kd6 54. Nd8 Ke7 55. Nb7 Ke6 56. Kf4 Nd2 57. Nc5+ Kd6 58. Ke3 Nf1+ 59. Ke2 Ng3+
60. Kf2 f4 61. Nd3 Nf5 62. h5 Nd4 63. b4 Nc6 64. b5 Na5 65. c5+ Kd5 66. b4 Nb7
67. Nxf4+ Kc4 68. c6 Nd6 69. b6 1-0

[Event "Obernai-Montrevel en Bresse"]
[Site "Obernai"]
[Date "2007.10.21"]
[Round "1.3"]
[White "Brunstein, Sandrine"]
[Black "Todorov, Ognjan"]
[Result "1/2-1/2"]
[WhiteElo "2081"]
[BlackElo "2305"]
[PlyCount "100"]
[EventDate "2007.10.21"]
[SourceDate "2007.10.27"]

1. e4 c5 2. Nf3 e6 3. c3 d5 4. e5 Nc6 5. d4 Bd7 6. Be2 Nge7 7. Na3 Ng6 8. O-O
cxd4 9. cxd4 Be7 10. Be3 O-O 11. Nc2 f6 12. exf6 Bxf6 13. Qd2 Rc8 14. Rac1 Qb6
15. b3 Qd8 16. Rfd1 Be7 17. g3 Bd6 18. Ng5 h6 19. Nf3 Qf6 20. Nfe1 a5 21. f4
Nb4 22. Nxb4 Bxb4 23. Qb2 Qe7 24. Qb1 Nh8 25. Rxc8 Rxc8 26. Rc1 Qd8 27. Nf3 Nf7
28. Ne5 Nxe5 29. fxe5 Rxc1+ 30. Qxc1 Qc8 31. Qxc8+ Bxc8 32. Bd3 Kf7 33. Kf2 Bd7
34. Bc1 b6 35. h4 Bc3 36. Be3 b5 37. Kf3 b4 38. g4 a4 39. h5 axb3 40. axb3 Kf8
41. Bf2 Be8 42. Ke3 g6 43. hxg6 Kg7 44. Kf4 Bxg6 45. Bxg6 Kxg6 46. Be3 Be1 47.
Kf3 Bc3 48. Kg3 Be1+ 49. Kf3 Bc3 50. Kg3 Be1+ 1/2-1/2

[Event "Obernai-Montrevel en Bresse"]
[Site "Obernai"]
[Date "2007.10.21"]
[Round "1.4"]
[White "Cavillon, Fabien"]
[Black "Grandidier, Raphael"]
[Result "1-0"]
[WhiteElo "2098"]
[BlackElo "2018"]
[PlyCount "73"]
[EventDate "2007.10.21"]
[SourceDate "2007.10.27"]

1. e4 c5 2. Nc3 Nc6 3. g3 g6 4. d3 Bg7 5. Be3 d6 6. Bg2 e5 7. Qd2 Nge7 8. Nge2
Nd4 9. O-O O-O 10. f4 exf4 11. Nxf4 f5 12. Nfd5 Nxd5 13. Nxd5 Be6 14. Nf4 Bd7
15. c3 Nc6 16. Nd5 Be6 17. Bg5 Qd7 18. Nf4 Rae8 19. Nxe6 Qxe6 20. Bh3 Ne5 21.
exf5 gxf5 22. Bg2 Qd7 23. Bd5+ Kh8 24. Rad1 b5 25. Qg2 Qc7 26. Rfe1 c4 27. d4
Nd3 28. Rxe8 Rxe8 29. Rf1 Qc8 30. Qd2 Qd7 31. b3 Qc8 32. bxc4 bxc4 33. Qd1 Rf8
34. Qh5 f4 35. Be4 h6 36. Bxh6 Qe6 37. Bg5+ 1-0

[Event "Obernai-Montrevel en Bresse"]
[Site "Obernai"]
[Date "2007.10.21"]
[Round "1.5"]
[White "Remaitre, Alexandre"]
[Black "Lamoureux, Izabelle"]
[Result "0-1"]
[WhiteElo "2058"]
[BlackElo "2084"]
[PlyCount "78"]
[EventDate "2007.10.21"]
[SourceDate "2007.10.27"]

1. e4 c5 2. Nc3 Nc6 3. g3 g6 4. Bg2 Bg7 5. d3 e6 6. Be3 d6 7. Qd2 Nd4 8. Nge2
Ne7 9. O-O-O Qb6 10. Rde1 Bd7 11. Bh6 Nxe2+ 12. Rxe2 Bd4 13. Nd1 O-O-O 14. c3
Bf6 15. Ne3 Nc6 16. Nc4 Qc7 17. Qf4 Be7 18. Qxf7 b5 19. Nd2 Rde8 20. Nf3 b4 21.
c4 e5 22. Ne1 Nd4 23. Rd2 Be6 24. Qg7 Reg8 25. Qxh8 Rxh8 26. f4 Rg8 27. h4 Bf8
28. Bg5 Bg7 29. h5 exf4 30. h6 Bh8 31. gxf4 Rf8 32. Rf1 Bf6 33. Bxf6 Rxf6 34.
Rdf2 Qf7 35. Kb1 Qf8 36. f5 Kc7 37. fxe6 Rxf2 38. e7 Rxf1 39. exf8=Q Rxe1# 0-1

[Event "Obernai-Montrevel en Bresse"]
[Site "Obernai"]
[Date "2007.10.21"]
[Round "1.6"]
[White "Chebance, Benoit"]
[Black "Wimmer, Olivier"]
[Result "0-1"]
[WhiteElo "2010"]
[BlackElo "2074"]
[PlyCount "82"]
[EventDate "2007.10.21"]
[SourceDate "2007.10.27"]

1. e4 c6 2. Nc3 d5 3. Qf3 d4 4. Bc4 e6 5. Nce2 c5 6. Qg3 Nc6 7. f4 Nb4 8. Qb3
Nf6 9. a3 Nc6 10. Qf3 a6 11. Nh3 h6 12. O-O Be7 13. d3 b5 14. Ba2 Bb7 15. Qg3
g6 16. e5 Nh5 17. Qg4 Ng7 18. Ng3 Qc7 19. Nf2 h5 20. Qe2 Nf5 21. Nge4 Nb8 22.
Bd2 Nd7 23. c3 Rc8 24. a4 Nb6 25. axb5 axb5 26. g4 hxg4 27. Nxg4 Qc6 28. Ngf6+
Kf8 29. cxd4 Nxd4 30. Qf2 Bxf6 31. exf6 Nd7 32. Rac1 Nxf6 33. Rxc5 Nxe4 34.
Rxc6 Nxf2 35. Rxc8+ Bxc8 36. Rxf2 Rh3 37. Bb4+ Kg8 38. Bb1 Bb7 39. Kf1 Nf3 40.
Ke2 Nxh2 41. Kd2 Ng4 {suite illisible} 0-1

[Event "Obernai-Montrevel en Bresse"]
[Site "Obernai"]
[Date "2007.10.21"]
[Round "1.7"]
[White "Krauss, Bernard"]
[Black "Testard, Philippe"]
[Result "1-0"]
[WhiteElo "1921"]
[BlackElo "2011"]
[PlyCount "69"]
[EventDate "2007.10.21"]
[SourceDate "2007.10.27"]

1. e4 e5 2. Nf3 Nf6 3. Nxe5 d6 4. Nf3 Nxe4 5. d4 d5 6. Bd3 Be7 7. c4 Nc6 8.
cxd5 Qxd5 9. O-O O-O 10. Nc3 Nxc3 11. bxc3 Bg4 12. Be2 Bf6 13. Bf4 Rac8 14. Nd2
Bxe2 15. Qxe2 Rfe8 16. Qg4 h5 17. Qg3 Re2 18. Qd3 Re7 19. Rab1 Rce8 20. Rb5
Qxa2 21. Rxh5 g6 22. Rh3 a6 23. Re3 Qd5 24. Qc2 Nd8 25. Rfe1 Rxe3 26. fxe3 Bg7
27. e4 Qc6 28. Nf3 Qb6 29. Be3 Qa5 30. e5 Nc6 31. Rf1 Ne7 32. Bd2 Nf5 33. g4
Nh6 34. h3 Qa3 35. Bg5 1-0

[Event "Obernai-Montrevel en Bresse"]
[Site "Obernai"]
[Date "2007.10.21"]
[Round "1.8"]
[White "Damboise, Pierre Olivier"]
[Black "Scalia, Jerome"]
[Result "0-1"]
[WhiteElo "1935"]
[BlackElo "1868"]
[PlyCount "68"]
[EventDate "2007.10.21"]
[SourceDate "2007.10.27"]

1. e4 c5 2. Nf3 d6 3. c3 g6 4. d3 Bg7 5. Be2 Nc6 6. O-O Nf6 7. Nbd2 O-O 8. Re1
Qc7 9. h3 b6 10. Nf1 d5 11. Ng3 dxe4 12. dxe4 Rd8 13. Qc2 Bb7 14. Bg5 Rd7 15.
Rad1 Rad8 16. Rxd7 Rxd7 17. Qc1 e5 18. Nh2 Nd8 19. Bg4 Nxg4 20. Nxg4 Kh8 21.
Bf6 Qd6 22. Qh6 Ne6 23. Nf5 gxf5 24. exf5 Bxf6 25. fxe6 Bg7 26. Qh5 Qxe6 27.
Nxe5 Bxe5 28. Rxe5 Qg6 29. Re8+ Kg7 30. Qe5+ Kh6 31. g4 Qb1+ 32. Kh2 Qh1+ 33.
Kg3 Rd3+ 34. Qe3+ Rxe3+ 0-1

[Event "Mundolsheim-Grenoble"]
[Site "Montrevel en Bresse"]
[Date "2007.11.24"]
[Round "2.1"]
[White "Kunin, Vitaly"]
[Black "Rodrigues, Emmanuel"]
[Result "1-0"]
[WhiteElo "2507"]
[BlackElo "2126"]
[PlyCount "143"]
[EventDate "2007.11.24"]
[SourceDate "2007.10.27"]

1. d4 d5 2. c4 Nc6 3. e3 e5 4. cxd5 Qxd5 5. Nc3 Bb4 6. Bd2 Bxc3 7. bxc3 Nf6 8.
c4 Qd6 9. d5 Ne7 10. Rb1 a5 11. Nf3 Ne4 12. Be2 O-O 13. O-O c6 14. dxc6 Nxc6
15. Rb5 Qe7 16. Qa1 Be6 17. Bc1 f6 18. Nd2 Nxd2 19. Bxd2 Rfd8 20. Bc3 Rd7 21.
f4 exf4 22. Rxf4 Bf7 23. Rf3 Nb4 24. Rg3 Bg6 25. h4 Qd6 26. Rf3 Be4 27. Rf4 Bc6
28. Rbf5 Re8 29. Bxf6 Rxe3 30. Be5 Qe7 31. Qf1 Rd8 32. Rf7 Rxe5 33. Rxe7 Rxe7
34. a3 Nc2 35. c5 Ne3 36. Bc4+ Nxc4 37. Qxc4+ Kh8 38. Kh2 a4 39. Qd4 Red7 40.
Qc3 h6 41. Qe3 Rd3 42. Qe7 R3d7 43. Rf8+ Rxf8 44. Qxf8+ Kh7 45. g4 Rd2+ 46. Kg1
Ra2 47. Qf5+ Kh8 48. Qf8+ Kh7 49. Qf5+ Kh8 50. g5 Re2 51. Qc8+ Re8 52. Qg4 Re4
53. Qh5 Be8 54. Qf3 Bc6 55. Qf8+ Kh7 56. Qf5+ Kh8 57. gxh6 gxh6 58. Qf8+ Kh7
59. Qf7+ Kh8 60. Qg6 Re7 61. Qxh6+ Kg8 62. Kf2 Rh7 63. Qe6+ Rf7+ 64. Kg3 Kg7
65. h5 Rf6 66. Qe7+ Rf7 67. Qg5+ Kh8 68. Qh6+ Kg8 69. Qe6 Bd7 70. Qa2 Kg7 71.
Qb2+ Kh6 72. Qh8+ 1-0

[Event "Mundolsheim-Grenoble"]
[Site "Montrevel en Bresse"]
[Date "2007.11.24"]
[Round "2.2"]
[White "Prost, Frederic"]
[Black "Anka, Emil"]
[Result "1-0"]
[WhiteElo "2099"]
[BlackElo "2407"]
[PlyCount "83"]
[EventDate "2007.11.24"]
[SourceDate "2007.10.27"]

1. e4 c5 2. Nf3 d6 3. d4 cxd4 4. Qxd4 Nc6 5. Bb5 Bd7 6. Bxc6 Bxc6 7. Nc3 Nf6 8.
Bg5 e6 9. O-O-O Be7 10. Qd3 Qa5 11. h4 O-O 12. Nd4 Rfc8 13. f4 Kh8 14. f5 e5
15. Bxf6 gxf6 16. Nb3 Qc7 17. Kb1 b5 18. Rd2 a5 19. Nc1 Rg8 20. Nd5 Bxd5 21.
Qxd5 Qc4 22. Qb7 Rae8 23. Rhd1 Rg4 24. Re2 a4 25. Qd7 Qc8 26. Qxb5 a3 27. Qb3
axb2 28. Nd3 Kg7 29. Nb4 Qb7 30. Nd5 Qa6 31. Qf3 h5 32. Nc7 Qc6 33. Nxe8+ Qxe8
34. g3 Qc6 35. Qd3 Qa4 36. Rde1 Bd8 37. Qxd6 Ba5 38. Qa6 Qb4 39. Qd3 Qc5 40.
Rd1 Bc3 41. Qf3 Qb4 42. Re3 1-0

[Event "Mundolsheim-Grenoble"]
[Site "Montrevel en Bresse"]
[Date "2007.11.24"]
[Round "2.3"]
[White "Peter, Sebastien"]
[Black "Broca, Alexandre"]
[Result "0-1"]
[WhiteElo "2292"]
[BlackElo "2140"]
[PlyCount "76"]
[EventDate "2007.11.24"]
[SourceDate "2007.10.27"]

1. e4 e5 2. Nf3 Nc6 3. Nc3 g6 4. d4 exd4 5. Nd5 d6 6. Bb5 Bg7 7. Bg5 f6 8. Nxd4
fxg5 9. Nxc6 bxc6 10. Bxc6+ Bd7 11. Bxa8 c6 12. c3 Nh6 13. Nb4 Qxa8 14. Qxd6
Nf7 15. Qc5 Qb7 16. O-O-O Qb6 17. Nd3 Qxc5 18. Nxc5 Bc8 19. Kc2 Ke7 20. b4 Rf8
21. Rd2 Ne5 22. Kb3 Rd8 23. Rhd1 Rxd2 24. Rxd2 g4 25. a4 h5 26. b5 h4 27. c4 h3
28. gxh3 gxh3 29. f4 Bh6 30. a5 cxb5 31. cxb5 Bxf4 32. Rc2 g5 33. b6 axb6 34.
axb6 Nf3 35. Rf2 g4 36. b7 Bxb7 37. Nxb7 Bxh2 38. Nc5 Bg1 0-1